[Event "PHI-ch (Women)"]
[Site "Tagaytay City"]
[Date "2010.05.31"]
[Round "7"]
[White "Camacho, Chardine Cheradee"]
[Black "Salvador, Aices"]
[Result "1-0"]
[WhiteElo "2186"]
[BlackElo "2058"]
[PlyCount "103"]
[EventDate "2010.05.25"]
[EventType "tourn"]
[EventRounds "11"]
[EventCountry "PHI"]
[SourceTitle "CBM 136 Extra"]
[Source "ChessBase"]
[SourceDate "2010.07.02"]
[SourceVersion "2"]
[SourceVersionDate "2010.07.15"]
[SourceQuality "1"]

1. e4 e6 2. d4 d5 3. Nc3 Nf6 4. Bg5 Be7 5. e5 Nfd7 6. Bxe7 Qxe7 7. f4 a6 8. Nf3 c5 9. dxc5 Qxc5 10. Qd2 Nc6 11. Bd3 b5 12. Ne2 Nb6 13. c3 Bd7 14. Ned4 Nc4 15. Qf2 Nxd4 16. Nxd4 b4 17. 0-0 bxc3 18. bxc3 0-0 19. Rae1 Rab8 20. Re2 g6 21. g4 f6 22. exf6 Rxf6 23. g5 Rf7 24. Nxe6 Qd6 25. Qc5 Qxc5+ 26. Nxc5 Bh3 27. Rff2 a5 28. Re1 Rbf8 29. Bxc4 dxc4 30. Ne4 Kg7 31. Nf6 h6 32. Rfe2 hxg5 33. fxg5 Rb8 34. Re8 Rxe8 35. Rxe8 Rb7 36. Kf2 Rb5 37. Re7+ Kf8 38. Re4 Kf7 39. Rf4 Bf5 40. Ke3 Ke6 41. Rxc4 Bb1 42. Kf4 Bxa2 43. Rc6+ Kf7 44. Ne4 Rf5+ 45. Ke3 Bd5 46. Nd6+ Ke6 47. Nxf5+ Bxc6 48. Nd4+ Kd5 49. Nxc6 Kxc6 50. Kd3 Kd5 51. h4 a4 52. c4+ 1-0

[Event "PHI-ch (Women)"]
[Site "Tagaytay City"]
[Date "2010.05.31"]
[Round "8"]
[White "Salvador, Aices"]
[Black "Suede, Mikee Charlene"]
[Result "1-0"]
[WhiteElo "2058"]
[BlackElo "1949"]
[PlyCount "63"]
[EventDate "2010.05.25"]
[EventType "tourn"]
[EventRounds "11"]
[EventCountry "PHI"]
[SourceTitle "CBM 136 Extra"]
[Source "ChessBase"]
[SourceDate "2010.07.02"]
[SourceVersion "2"]
[SourceVersionDate "2010.07.15"]
[SourceQuality "1"]

1. e4 e6 2. f4 d5 3. e5 c5 4. Nf3 Nc6 5. c3 f6 6. Bd3 fxe5 7. fxe5 c4 8. Bc2 Bc5 9. d4 cxd3 10. Bxd3 Nge7 11. b4 Bb6 12. b5 Na5 13. Ng5 Nf5 14. Qh5+ g6 15. Qh3 Qc7 16. g4 Qxe5+ 17. Kd1 Ne3+ 18. Bxe3 Bxe3 19. Nxh7 Qg7 20. Qxe3 Rxh7 21. Qg5 Rh6 22. Rf1 Nc4 23. Bxc4 dxc4 24. h4 Bd7 25. Nd2 Rd8 26. Kc2 Bc8 27. Ne4 Rd3 28. Nf6+ Kd8 29. Nh5+ Qe7 30. Rf8+ Kd7 31. Nf6+ Kd6 32. Ne4+ 1-0

[Event "PHI-ch (Women)"]
[Site "Tagaytay City"]
[Date "2010.05.27"]
[Round "5"]
[White "Suede, Akiko Charmaine"]
[Black "Salvador, Aices"]
[Result "1/2-1/2"]
[WhiteElo "1945"]
[BlackElo "2058"]
[PlyCount "83"]
[EventDate "2010.05.25"]
[EventType "tourn"]
[EventRounds "11"]
[EventCountry "PHI"]
[SourceTitle "CBM 136 Extra"]
[Source "ChessBase"]
[SourceDate "2010.07.02"]
[SourceVersion "2"]
[SourceVersionDate "2010.07.15"]
[SourceQuality "1"]

1. e4 e6 2. d4 d5 3. Nd2 Nf6 4. e5 Nfd7 5. Bd3 c5 6. c3 Nc6 7. Ne2 Qb6 8. Nf3 cxd4 9. cxd4 f6 10. exf6 Nxf6 11. 0-0 Bd6 12. Nc3 0-0 13. h3 Bd7 14. Be3 a6 15. a3 Rac8 16. Ne5 Bxe5 17. dxe5 Qxb2 18. exf6 Qxc3 19. fxg7 Qxg7 20. Qd2 Ne5 21. Be2 Nf3+ 22. Bxf3 Rxf3 23. Kh1 Rf7 24. f4 Qg6 25. Rac1 Rff8 26. Bc5 Rf7 27. Rf3 h6 28. Qf2 Kh7 29. Qb2 Bb5 30. Bd6 Rxc1+ 31. Qxc1 Bc6 32. Kh2 Rg7 33. g4 d4 34. Rf2 Qe4 35. Kg3 Rd7 36. Be5 d3 37. Qc5 Rf7 38. Qa7 Qe1 39. Qd4 b6 40. Qxd3+ Be4 41. Qe2 Qxe2 42. Rxe2 1/2-1/2

[Event "PHI-ch (Women)"]
[Site "Tagaytay City"]
[Date "2010.05.25"]
[Round "1"]
[White "Mejia, Cherry Ann"]
[Black "Salvador, Aices"]
[Result "1-0"]
[WhiteElo "1868"]
[BlackElo "2058"]
[PlyCount "89"]
[EventDate "2010.05.25"]
[EventType "tourn"]
[EventRounds "11"]
[EventCountry "PHI"]
[SourceTitle "CBM 136 Extra"]
[Source "ChessBase"]
[SourceDate "2010.07.02"]
[SourceVersion "2"]
[SourceVersionDate "2010.07.15"]
[SourceQuality "1"]

1. e4 e6 2. d3 d5 3. Nd2 Nf6 4. Ngf3 c5 5. g3 Nc6 6. Bg2 Be7 7. 0-0 0-0 8. Re1 dxe4 9. dxe4 e5 10. c3 h6 11. h3 Be6 12. Qe2 Qc7 13. Nh4 Rfd8 14. Nc4 b5 15. Ne3 c4 16. Nhf5 Bf8 17. Qf3 Bxf5 18. Nxf5 Nd7 19. Be3 Ne7 20. Qg4 Kh7 21. Rad1 Nf6 22. Qf3 Ne8 23. Qg4 g6 24. Nxe7 Qxe7 25. h4 a5 26. h5 Nf6 27. hxg6+ fxg6 28. Qf3 Bg7 29. Bh3 Rxd1 30. Rxd1 Rd8 31. Bg2 b4 32. Bb6 Rxd1+ 33. Qxd1 bxc3 34. bxc3 Qa3 35. Qd2 Qa4 36. Bf3 Qb5 37. Bd8 Qb1+ 38. Kh2 Nxe4 39. Bxe4 Qxe4 40. Bxa5 h5 41. Bb4 h4 42. Qg5 hxg3+ 43. Qxg3 Bh6 44. Qh3 Qd5 45. Bf8 1-0

[Event "Asian Continental op (Women) 09th"]
[Site "Olongapo City"]
[Date "2010.04.28"]
[Round "8"]
[White "Mendoza, Beverly"]
[Black "Salvador, Aices"]
[Result "0-1"]
[WhiteElo "2078"]
[BlackElo "2058"]
[PlyCount "116"]
[EventDate "2010.04.21"]
[EventType "swiss"]
[EventRounds "9"]
[EventCountry "PHI"]
[SourceTitle "CBM 136 Extra"]
[Source "ChessBase"]
[SourceDate "2010.07.02"]
[SourceVersion "2"]
[SourceVersionDate "2010.07.15"]
[SourceQuality "1"]

1. d4 d5 2. c4 c6 3. Nf3 Nf6 4. Nc3 a6 5. cxd5 cxd5 6. Bf4 Nc6 7. e3 Bf5 8. Rc1 Qb6 9. Qd2 e6 10. a3 Rc8 11. Be2 Be7 12. 0-0 0-0 13. h3 Rfd8 14. b4 Ne4 15. Qb2 Nxc3 16. Rxc3 Na7 17. Rfc1 Rxc3 18. Rxc3 Rc8 19. Ne5 Qd8 20. Qc1 Rxc3 21. Qxc3 f6 22. Nf3 Qc8 23. Qxc8+ Nxc8 24. Nd2 Bc2 25. Bc7 Bd6 26. Bd8 Kf7 27. b5 axb5 28. Bxb5 Bxa3 29. Bd7 Nd6 30. Bc7 Ke7 31. Bxd6+ Kxd6 32. Bb5 e5 33. Kf1 exd4 34. exd4 Bb2 35. Nf3 Be4 36. Ke2 Bxf3+ 37. Kxf3 Bxd4 38. Bd3 h6 39. Kg4 Bxf2 40. Kf5 Bd4 41. Kg6 f5 42. Kxf5 Kc5 43. Ke6 b5 44. g4 b4 45. Kf5 Bf6 46. Kf4 Kd4 47. Bg6 b3 48. Kf3 Kc3 49. Ke2 Kb2 50. Bf7 Kc1 51. Bxd5 b2 52. Be4 b1Q 53. Bxb1 Kxb1 54. Kf3 Kc2 55. Ke4 Kd2 56. Kf5 Ke3 57. Kg6 Kf4 58. Kh5 Kg3 0-1

[Event "Asian Continental op (Women) 09th"]
[Site "Olongapo City"]
[Date "2010.04.22"]
[Round "2"]
[White "Sachdev, Tania"]
[Black "Salvador, Aices"]
[Result "1-0"]
[WhiteElo "2393"]
[BlackElo "2058"]
[PlyCount "84"]
[EventDate "2010.04.21"]
[EventType "swiss"]
[EventRounds "9"]
[EventCountry "PHI"]
[SourceTitle "CBM 136 Extra"]
[Source "ChessBase"]
[SourceDate "2010.07.02"]
[SourceVersion "2"]
[SourceVersionDate "2010.07.15"]
[SourceQuality "1"]

1. d4 d5 2. c4 c6 3. Nf3 Nf6 4. Nc3 a6 5. cxd5 cxd5 6. Bf4 Nc6 7. Rc1 Bf5 8. e3 e6 9. Bd3 Bxd3 10. Qxd3 Bd6 11. Bg5 h6 12. Bh4 Rc8 13. 0-0 0-0 14. a3 b5 15. b4 Be7 16. Nd2 g5 17. Bg3 Nd7 18. f4 f5 19. fxg5 hxg5 20. Nb3 Nb6 21. Nc5 Bxc5 22. bxc5 Nc4 23. Nb1 Qa5 24. Qe2 Kg7 25. Be1 Qc7 26. Nd2 N6a5 27. Bg3 Qd8 28. Nxc4 Nxc4 29. Rxc4 dxc4 30. Bd6 Kg6 31. Bxf8 Qxf8 32. g4 Qe7 33. Qf3 Qd7 34. Qh3 fxg4 35. Qxg4 Qd5 36. Rf2 Rf8 37. h4 Kg7 38. hxg5 Rh8 39. Rf3 c3 40. Qf4 Qf5 41. Qc7+ Kg6 42. Rxf5 exf5 1-0

[Event "Asian Continental op (Women) 08th"]
[Site "Subic Bay"]
[Date "2009.05.21"]
[Round "9"]
[White "Salvador, Aices"]
[Black "Shamima, Akter Liza"]
[Result "1-0"]
[WhiteElo "2040"]
[BlackElo "2125"]
[PlyCount "53"]
[EventDate "2009.05.13"]
[EventType "swiss"]
[EventRounds "11"]
[EventCountry "PHI"]
[SourceTitle "CBM 130 Extra"]
[Source "ChessBase"]
[SourceDate "2009.07.02"]
[SourceVersion "2"]
[SourceVersionDate "2009.07.15"]
[SourceQuality "1"]

1. e4 d5 2. exd5 Qxd5 3. Nc3 Qd6 4. d4 Nf6 5. Nf3 a6 6. Be2 b5 7. Ne5 Bb7 8. Bf3 c6 9. Bf4 Nbd7 10. 0-0 Nd5 11. Ne4 Qc7 12. Bg3 Nxe5 13. Bxe5 Qb6 14. Re1 e6 15. Bh5 Rg8 16. Bxf7+ Kxf7 17. Qf3+ Ke8 18. Ng5 Nf6 19. Bxf6 gxf6 20. Qxf6 Rxg5 21. Rxe6+ Kd7 22. Qf7+ Kc8 23. Re8+ Qd8 24. Rxd8+ Kxd8 25. Qxf8+ Kc7 26. Qf7+ Kc8 27. Qe8+ 1-0

[Event "Asian Continental op (Women) 08th"]
[Site "Subic Bay"]
[Date "2009.05.19"]
[Round "7"]
[White "Sun, Fanghui"]
[Black "Salvador, Aices"]
[Result "1-0"]
[WhiteElo "2146"]
[BlackElo "2040"]
[PlyCount "57"]
[EventDate "2009.05.13"]
[EventType "swiss"]
[EventRounds "11"]
[EventCountry "PHI"]
[SourceTitle "CBM 130 Extra"]
[Source "ChessBase"]
[SourceDate "2009.07.02"]
[SourceVersion "2"]
[SourceVersionDate "2009.07.15"]
[SourceQuality "1"]

1. e4 e6 2. d4 d5 3. Nc3 Nf6 4. Bg5 Be7 5. e5 Nfd7 6. Bxe7 Qxe7 7. f4 a6 8. Nf3 c5 9. Qd2 Nc6 10. dxc5 Nxc5 11. 0-0-0 Bd7 12. Bd3 b5 13. Ne2 Nb4 14. Kb1 a5 15. Ned4 0-0 16. g4 Nbxd3 17. cxd3 f6 18. Rhf1 Be8 19. Rde1 f5 20. gxf5 exf5 21. Rg1 b4 22. Rg5 h6 23. Rg3 Bh5 24. Reg1 Rf7 25. Qg2 Bxf3 26. Qxf3 Rd8 27. Nxf5 Qe6 28. Nxg7 Qa6 29. Ne6+ 1-0

[Event "Manila op"]
[Site "Manila"]
[Date "2008.04.30"]
[Round "7"]
[White "Docena, Jedara"]
[Black "Salvador, Aices"]
[Result "1/2-1/2"]
[WhiteElo "1973"]
[BlackElo "1999"]
[PlyCount "83"]
[EventDate "2008.04.03"]
[EventType "swiss"]
[EventRounds "9"]
[EventCountry "PHI"]
[SourceTitle "EXT 2010"]
[Source "ChessBase"]
[SourceDate "2010.11.25"]
[SourceVersion "1"]
[SourceVersionDate "2010.11.25"]
[SourceQuality "1"]

1. e4 e6 2. Nc3 d5 3. Nf3 Nf6 4. e5 Nfd7 5. d4 c5 6. dxc5 Nc6 7. Bf4 Bxc5 8. Bd3 h6 9. h4 a6 10. 0-0 Be7 11. h5 Bg5 12. Bg3 0-0 13. Re1 Nc5 14. Bf1 f5 15. exf6 Bxf6 16. Qd2 Bxc3 17. Qxc3 Ne4 18. Qe3 Qe8 19. Nh4 Qxh5 20. Bd3 Nxg3 21. Qxg3 Rf6 22. Ng6 Qg5 23. Qxg5 hxg5 24. Ne5 Nxe5 25. Rxe5 g4 26. g3 Bd7 27. Rae1 Kf7 28. Be2 Rg6 29. Bd3 Rh6 30. Be2 Rah8 31. Bxg4 Rh1+ 32. Kg2 R8h2+ 33. Kf3 Rxe1 34. Rxe1 d4 35. Re5 Kf6 36. Rh5 Rxh5 37. Bxh5 e5 38. Ke2 e4 39. Kd2 Kg5 40. Be2 Bg4 41. Bc4 Bf5 42. Be2 1/2-1/2

[Event "Manila op"]
[Site "Manila"]
[Date "2008.04.25"]
[Round "1"]
[White "Bernales, Christy Lamiel"]
[Black "Salvador, Aices"]
[Result "0-1"]
[WhiteElo "1934"]
[BlackElo "1999"]
[PlyCount "44"]
[EventDate "2008.04.03"]
[EventType "swiss"]
[EventRounds "9"]
[EventCountry "PHI"]
[SourceTitle "EXT 2010"]
[Source "ChessBase"]
[SourceDate "2010.11.25"]
[SourceVersion "1"]
[SourceVersionDate "2010.11.25"]
[SourceQuality "1"]

1. e4 e6 2. d4 d5 3. Nd2 Be7 4. e5 c5 5. c3 Nc6 6. Ne2 h5 7. Nf3 Nh6 8. Bxh6 Rxh6 9. a3 cxd4 10. cxd4 Qb6 11. Nc3 Bd7 12. Rb1 Rc8 13. Bb5 Nxe5 14. Nxe5 Bxb5 15. Nxb5 Qxb5 16. Rc1 Rxc1 17. Qxc1 Bd6 18. Kd2 Rf6 19. f3 Rf4 20. Nd3 Rxd4 21. Qc3 Bf4+ 22. Ke2 Rc4 0-1

[Event "Manila op"]
[Site "Manila"]
[Date "2008.04.25"]
[Round "2"]
[White "Salvador, Aices"]
[Black "Cua, Shercila"]
[Result "0-1"]
[WhiteElo "1999"]
[BlackElo "2203"]
[PlyCount "84"]
[EventDate "2008.04.03"]
[EventType "swiss"]
[EventRounds "9"]
[EventCountry "PHI"]
[SourceTitle "EXT 2010"]
[Source "ChessBase"]
[SourceDate "2010.11.25"]
[SourceVersion "1"]
[SourceVersionDate "2010.11.25"]
[SourceQuality "1"]

1. e4 e6 2. d4 d5 3. Bd3 dxe4 4. Bxe4 Nf6 5. Bf3 Bd6 6. Ne2 Nbd7 7. 0-0 0-0 8. Nbc3 e5 9. Bg5 exd4 10. Nxd4 h6 11. Bh4 Ne5 12. Ndb5 Be7 13. Bg3 Nxf3+ 14. Qxf3 c6 15. Nc7 Bg4 16. Qe3 Rc8 17. f3 Rxc7 18. Bxc7 Qxc7 19. fxg4 Nxg4 20. Qf4 Bc5+ 21. Kh1 Qxf4 22. Rxf4 Nf2+ 23. Rxf2 Bxf2 24. Ne4 Bd4 25. c3 Be5 26. Rd1 Re8 27. g3 Re7 28. Kg2 f5 29. Nc5 Bf6 30. Kf3 Kf7 31. h3 g5 32. Rd6 h5 33. g4 hxg4+ 34. hxg4 b6 35. Nd7 Re6 36. Rd2 f4 37. Nxf6 Kxf6 38. Rd3 a5 39. b3 Ke5 40. Rd8 Rd6 41. Rf8 Rd3+ 42. Ke2 Rxc3 0-1

[Event "Wch U20 Girls 25th"]
[Site "Yerevan"]
[Date "2007.10.16"]
[Round "13"]
[White "Salvador, Aices"]
[Black "Bayat, Shohreh"]
[Result "1-0"]
[WhiteElo "1927"]
[BlackElo "2076"]
[PlyCount "23"]
[EventDate "2007.10.03"]
[EventType "swiss"]
[EventRounds "13"]
[EventCountry "ARM"]
[SourceTitle "CBM 120 Extra"]
[Source "ChessBase"]
[SourceDate "2007.11.01"]
[SourceVersion "1"]
[SourceVersionDate "2007.11.01"]
[SourceQuality "1"]

1. e4 e6 2. d4 d5 3. exd5 exd5 4. Bd3 Bd6 5. Qf3 Ne7 6. Ne2 Ng6 7. Nbc3 c6 8. Nf4 Qe7+ 9. Kf1 0-0 10. h4 Qf6 11. Nce2 Bf5 12. Nh5 1-0

[Event "Wch U20 Girls 25th"]
[Site "Yerevan"]
[Date "2007.10.13"]
[Round "10"]
[White "Salvador, Aices"]
[Black "Mona, Khaled"]
[Result "1/2-1/2"]
[WhiteElo "1927"]
[BlackElo "2004"]
[PlyCount "80"]
[EventDate "2007.10.03"]
[EventType "swiss"]
[EventRounds "13"]
[EventCountry "ARM"]
[SourceTitle "CBM 120 Extra"]
[Source "ChessBase"]
[SourceDate "2007.11.01"]
[SourceVersion "1"]
[SourceVersionDate "2007.11.01"]
[SourceQuality "1"]

1. e4 e5 2. d4 exd4 3. Qxd4 Nc6 4. Qe3 Nf6 5. Nc3 Bb4 6. Bd2 0-0 7. 0-0-0 Re8 8. Qg3 Rxe4 9. Bd3 Re6 10. f4 d5 11. Nf3 Re8 12. a3 Bf8 13. f5 Ne7 14. Bg5 Nxf5 15. Bxf5 Bxf5 16. Rxd5 Bd6 17. Qh4 Bg6 18. Rdd1 Qd7 19. Rhf1 Ne4 20. Nxe4 Rxe4 21. Qf2 h6 22. Be3 Rae8 23. Rfe1 Qa4 24. Bd4 Rxe1 25. Rxe1 Bf4+ 26. Kb1 Bxc2+ 27. Qxc2 Rxe1+ 28. Nxe1 Qxd4 29. Nf3 Qd6 30. Qe2 Kf8 31. b3 Bg5 32. Nxg5 hxg5 33. Qg4 Qd8 34. Qb4+ Qd6 35. Qxb7 Qb6 36. Qa8+ Ke7 37. Qe4+ Kf6 38. g4 Qf2 39. Qc6+ Ke7 40. Qxc7+ Ke6 1/2-1/2

[Event "Wch U20 Girls 25th"]
[Site "Yerevan"]
[Date "2007.10.12"]
[Round "9"]
[White "Kulon, Klaudia"]
[Black "Salvador, Aices"]
[Result "1-0"]
[WhiteElo "2139"]
[BlackElo "1927"]
[PlyCount "69"]
[EventDate "2007.10.03"]
[EventType "swiss"]
[EventRounds "13"]
[EventCountry "ARM"]
[SourceTitle "CBM 120 Extra"]
[Source "ChessBase"]
[SourceDate "2007.11.01"]
[SourceVersion "1"]
[SourceVersionDate "2007.11.01"]
[SourceQuality "1"]

1. e4 e6 2. d4 d5 3. Nd2 dxe4 4. Nxe4 Nd7 5. Nf3 Ngf6 6. Bg5 Be7 7. Nxf6+ Nxf6 8. Bc4 0-0 9. Qe2 c6 10. 0-0-0 Nd5 11. h4 f6 12. Bd2 b5 13. Bd3 b4 14. Kb1 Qa5 15. Bc4 Nc3+ 16. bxc3 bxc3 17. Bc1 Ba3 18. Qe3 Rb8+ 19. Bb3 Kh8 20. Ka1 Bd6 21. Rd3 Bb4 22. g4 c5 23. dxc5 Bxc5 24. Qe1 Ba6 25. Rd1 Bb7 26. Rh3 Bd5 27. Rxd5 exd5 28. g5 Rbe8 29. Qf1 Bb6 30. g6 hxg6 31. Qg2 Rd8 32. Qxg6 Qb5 33. Ng5 fxg5 34. hxg5+ Kg8 35. Qe6+ 1-0

[Event "Wch U20 Girls 25th"]
[Site "Yerevan"]
[Date "2007.10.09"]
[Round "7"]
[White "Darbinyan, Nune"]
[Black "Salvador, Aices"]
[Result "0-1"]
[WhiteElo "2089"]
[BlackElo "1927"]
[PlyCount "52"]
[EventDate "2007.10.03"]
[EventType "swiss"]
[EventRounds "13"]
[EventCountry "ARM"]
[SourceTitle "CBM 120 Extra"]
[Source "ChessBase"]
[SourceDate "2007.11.01"]
[SourceVersion "1"]
[SourceVersionDate "2007.11.01"]
[SourceQuality "1"]

1. Nf3 d5 2. d4 Nf6 3. c4 c6 4. Qc2 g6 5. Bf4 dxc4 6. Qxc4 Bg7 7. e3 Nbd7 8. Be2 Nb6 9. Qc1 Bf5 10. a3 Rc8 11. h3 0-0 12. 0-0 Nbd5 13. Be5 Bh6 14. Nbd2 Nd7 15. Bh2 c5 16. Qd1 cxd4 17. e4 Nc5 18. Qb1 d3 19. Bxd3 Nf4 20. Bc2 Be6 21. b4 Ne2+ 22. Kh1 Nc3 23. Qe1 Nd3 24. Bxd3 Qxd3 25. Nb1 Nxe4 26. Ne5 Qd4 0-1

[Event "Wch U20 Girls 25th"]
[Site "Yerevan"]
[Date "2007.10.03"]
[Round "1"]
[White "Hoolt, Sarah"]
[Black "Salvador, Aices"]
[Result "1-0"]
[WhiteElo "2199"]
[BlackElo "1927"]
[PlyCount "89"]
[EventDate "2007.10.03"]
[EventType "swiss"]
[EventRounds "13"]
[EventCountry "ARM"]
[SourceTitle "CBM 120 Extra"]
[Source "ChessBase"]
[SourceDate "2007.11.01"]
[SourceVersion "1"]
[SourceVersionDate "2007.11.01"]
[SourceQuality "1"]

1. e4 e6 2. d3 d5 3. Nd2 Nf6 4. Ngf3 Nc6 5. c3 e5 6. Be2 Be6 7. 0-0 h6 8. b4 a6 9. Bb2 Be7 10. a4 dxe4 11. dxe4 Bd6 12. Qc2 Nd7 13. Rfd1 0-0 14. Bc4 Bg4 15. h3 Bh5 16. Be2 Bxf3 17. Nxf3 Qf6 18. Nd2 Rfd8 19. Nc4 Nf8 20. Ne3 Ne7 21. Ng4 Qg5 22. Rd3 Neg6 23. Rad1 Nf4 24. Rg3 N8g6 25. Bc4 h5 26. Ne3 Qf6 27. Nf5 Bf8 28. Bc1 Qc6 29. Bxf4 Qxc4 30. Rxd8 Rxd8 31. Bg5 f6 32. Bxf6 gxf6 33. Rxg6+ Kf7 34. Rg3 Bxb4 35. Qb2 Rd1+ 36. Kh2 Bf8 37. Qxb7 Rd7 38. Ne3 Qxa4 39. Nd5 Qxe4 40. c4 Qxc4 41. Ne3 Qa4 42. Qf3 Qf4 43. Qxh5+ Ke6 44. Qe8+ Be7 45. Qg8+ 1-0